Normal view
MARC view
Entry Topical Term
001 - CONTROL NUMBER
- control field: 23247
003 - CONTROL NUMBER IDENTIFIER
- control field: dpl
005 - DATE AND TIME OF LATEST TRANSACTION
- control field: 20101009135615.0
008 - FIXED-LENGTH DATA ELEMENTS
- fixed length control field: 101009|||a|||||| | ||| d
040 ## - CATALOGING SOURCE
- Original cataloging agency: dpl
- Transcribing agency: dpl
150 ## - HEADING--TOPICAL TERM
- Topical term or geographic name as entry element: Hindi fiction
670 ## - SOURCE DATA FOUND
- Source citation: Work cat.: (dpl)24854: राय, विवेकी 23246, मंगल भवन /, 2009
670 ## - SOURCE DATA FOUND
- Source citation: Work cat.: (dpl)24854: राय, विवेकी 23246, मंगल भवन /, 2009
